000 00396nam a2200181Ia 4500
003 0100
008 130227s9999 xx 000 0 und d
040 _cARRUPELIB
050 _aBV4647.J68H68
100 _aHouston, James
245 _aIn search of happiness
260 _aOxford
260 _bLion Publishing
260 _C1990
300 _a281p.
300 _b 23 cm
942 _2lcc
_02
999 _c3507
_d3507